Vilhelma Mehner Nový Malý Obrázkowý Kalendár na priestupný ... dní majúci rok po narodz: Krista Pána ...
| Other Authors: | , |
|---|---|
| Format: | Serial |
| Language: | Slovak |
| PhysicalDescription: | 14 zv. ilustr. 23 cm |
| Published: |
W Budapesti
Wilhelm Mehner
1884-[1912]
Budapest Kníhvydavateľstvo Viliama Méhnera W Budapešti Wiliam Méhner Budapest |
| Subjects: |
MARC
| LEADER | 00000cas a2200000 a 4500 | ||
|---|---|---|---|
| 001 | vtls001355613 | ||
| 003 | SK-MaSNL | ||
| 005 | 20260228155752.0 | ||
| 008 | 200401d18841912hu ar| 5 0 0b0slo | ||
| 035 | |a SNK000309078 | ||
| 040 | |a SNK |b slo |c SNK |e AACR2 | ||
| 041 | 0 | |a slo | |
| 044 | |a hu |c HU | ||
| 072 | 7 | |a 050 |x Seriálové publikácie. Periodiká |2 konspekt | |
| 080 | |a 050 |2 2001 | ||
| 080 | |a (059) |2 2011 | ||
| 245 | 0 | 0 | |a Vilhelma Mehner Nový Malý Obrázkowý Kalendár na priestupný ... dní majúci rok po narodz: Krista Pána ... |
| 246 | 1 | 4 | |a Nový Malý Obrázkowý Kalendár na rok pristupný ... |f [1884] |
| 246 | 1 | 3 | |a Wiliama Méhnera Nowý Mály Obrázkowý Kalendár na priestupný ... dní majúci rok po narodení Krista Pána ... |f [1891] |
| 246 | 1 | 3 | |a Viliama Méhnera Nový Malý Obrázkový Kalendár na priestupný ... dní majúci rok po narodení Krista Pána ... |f [1911] |
| 246 | 1 | 3 | |a Wilhelma Mehner Nový Malý Obrázkový Kalendár na običajný ... dní majúci rok po narodzený Krista Pána ... |f [1884] |
| 246 | 1 | 3 | |a Wilhelma Mehnera Nový Malý Obrázkový Kalendár na običajný ... dní majúci rok po narodzený Krista Pána ... |f [1885] |
| 246 | 1 | 3 | |a Wiliama Méhnera Nowý Mály Obrázkowý Kalendár na obyčajný ... dní majúci rok po narodení Krista Pána ... |f [1892], [1893] |
| 246 | 1 | 3 | |a Viliama Méhnera Nový Malý Obrázkový Kalendár na obyčajný ... dní majúci rok po narodení Krista Pána ... |f [1899], [1901], [1904], [1905], [1912] |
| 246 | 1 | 4 | |a Nový Malý Obrázkowý Kalendár na rok ... |
| 260 | |a W Budapesti |b Wilhelm Mehner |c 1884-[1912] |f Rudnyánszky A. Könyvnyomdájáböl | ||
| 260 | 2 | |3 [1899], [1901], [1904] |a Budapest |b Kníhvydavateľstvo Viliama Méhnera |f Nagy Sándor könyvnyomdájából | |
| 260 | 2 | |3 [1893] |a W Budapešti |b Wiliam Méhner |f Nagy Sándor könyvnyomdájából | |
| 260 | 3 | |3 [1905],[1911-1912] |a Budapest |b Kníhvydavateľstvo Viliama Méhnera |f Kníhtlačiareň Franklin-Társulat | |
| 300 | |a 14 zv. |b ilustr. |c 23 cm | ||
| 310 | |a 1x ročne | ||
| 362 | 0 | |a 1884-1886 ; 1892-1894 ; 1900 ; 1902 ; 1905-1907 ; 1910 ; 1912-1913 |z Bibliogr. slovenských a inorečových kalendárov za roky 1701-1965 | |
| 500 | |a Súčasťou názvu je označenie počtu dní a kalendárneho roku | ||
| 500 | |a Zostavili: r. 1892, Znachor a Ján Ferienčík ; r. 1893-1894, Ján A. Ferienčík | ||
| 504 | |a Zoznamy | ||
| 655 | 7 | |a textové kalendáre |2 SNKPH |9 60816 | |
| 655 | 7 | |a Text calendars |2 SNKPHeng |9 265087 | |
| 700 | 1 | |a Znachor, Ján |4 com |9 265238 | |
| 700 | 1 | |a Ferienčík, Ján Adolf, |d 1863-1925 |4 com |9 210048 | |
| 710 | 2 | |a Méhner, Wiliam |c Budapešť |4 pbl |9 265295 | |
| 752 | |a Maďarsko |d Budapešť | ||
| 850 | |a Slovenská národná knižnica v Martine | ||
| 910 | |a snk | ||
| 916 | |a 1884-1886, 1892-1894, 1900, 1902, 1905, 1906, 1912-1913 | ||
| 999 | |c 487 |d 487 | ||
| 952 | |0 0 |1 0 |4 0 |7 0 |a SNK |b SNK |d 2010-09-09 |f 1 |i snk 1335/27 |l 0 |o snkČSC 50/1884 |p 17A0668901 |r 2026-02-21 19:55:01 |w 2026-02-21 |y PREZ | ||
| 952 | |0 0 |1 0 |4 0 |7 0 |a SNK |b SNK |d 2010-09-09 |f 1 |i snk 1336/27 |l 0 |o snkČSC 50/1885 |p 17A0668900 |r 2026-02-21 19:55:01 |w 2026-02-21 |y PREZ | ||
| 952 | |0 0 |1 0 |4 0 |7 0 |a SNK |b SNK |d 2010-09-09 |f 1 |i snk 1337/27 |l 0 |o snkČSC 50/1886 |p 17A0668899 |r 2026-02-21 19:55:01 |w 2026-02-21 |y PREZ | ||
| 952 | |0 0 |1 0 |4 0 |7 0 |a SNK |b SNK |d 2010-09-09 |f 1 |i snk 1339/27 |l 0 |o snkČSC 50/1893 |p 17A0668898 |r 2026-02-21 19:55:01 |w 2026-02-21 |y PREZ | ||
| 952 | |0 0 |1 0 |4 0 |7 0 |a SNK |b SNK |d 2010-09-09 |f 1 |i snk 1340/27 |l 0 |o snkČSC 50/1894 |p 17A0668897 |r 2026-02-21 19:55:01 |w 2026-02-21 |y PREZ | ||
| 952 | |0 0 |1 0 |4 0 |7 0 |a SNK |b SNK |d 2010-09-09 |f 1 |i snk 2754/35 |l 0 |o snkČSC 50/1902 |p 17A0668997 |r 2026-02-21 19:55:04 |w 2026-02-21 |y PREZ | ||
| 952 | |0 0 |1 0 |4 0 |7 0 |a SNK |b SNK |d 2010-09-09 |f 1 |i snk 1833/32 |l 0 |o snkČSC 50/1905 |p 17A0668996 |r 2026-02-21 19:55:04 |w 2026-02-21 |y PREZ |z Obálka chýba | ||
| 952 | |0 0 |1 0 |4 0 |7 0 |a SNK |b SNK |d 2010-09-09 |f 1 |i snk 1341/27 |l 0 |o snkČSC 50/1906 |p 17A0668995 |r 2026-02-21 19:55:05 |w 2026-02-21 |y PREZ | ||
| 952 | |0 0 |1 0 |4 0 |7 0 |a SNK |b SNK |d 2010-09-09 |f 1 |i snk 1342/27 |l 0 |o snkČSC 50/1912 |p 17A0668994 |r 2026-02-21 19:55:05 |w 2026-02-21 |y PREZ | ||
| 952 | |0 0 |1 0 |4 0 |7 0 |8 3 |a SNK |b SNK |d 2010-09-09 |f 1 |i snkVIII 1415/55 |l 0 |o snkČSC 50/1913 |p 17A0668993 |r 2026-02-21 19:55:05 |w 2026-02-21 |y PREZ |z Obálka chýba | ||
| 952 | |0 0 |1 0 |4 0 |7 0 |8 3 |a SNK |b SNK |d 2010-09-09 |f 1 |i snkK 1998/69 |l 0 |o snkČSC 50/1900 |p 17A0669000 |r 2026-02-21 20:08:55 |w 2026-02-21 |y PREZ |z Obálka chýba | ||
| 952 | |0 0 |1 0 |4 0 |7 0 |a SNK |b SNK |d 1999-02-19 |f 1 |l 0 |o snkČSC 50/1892 |p 17A0180296 |r 2005-01-02 00:00:00 |w 2026-02-21 |y PREZ | ||
| 952 | |0 0 |1 0 |4 0 |7 0 |8 1 |a SNK |b SNK |d 2018-02-14 |i snkVI 999/54 |l 0 |o snkČSC 50/1893 D1 |p 17A1267821 |r 2026-02-21 22:25:49 |w 2026-02-21 |y PREZ | ||
| 952 | |0 0 |1 0 |4 0 |7 0 |8 1 |a SNK |b SNK |d 2018-02-14 |i snkVI 1000/54 |l 0 |o snkČSC 50/1894 D1 |p 17A1267820 |r 2026-02-21 22:25:49 |w 2026-02-21 |y PREZ | ||


